| 000 | 00503nam a2200181Ia 4500 | ||
|---|---|---|---|
| 999 |
_c16809 _d16809 |
||
| 003 | OSt | ||
| 005 | 20200606120015.0 | ||
| 008 | 190216s9999||||xx |||||||||||||| ||und|| | ||
| 020 | _a8187303134 | ||
| 040 | _cMESKC library | ||
| 082 |
_a155.4 _bBAN/B |
||
| 100 |
_aBanarjee, Anindhitha _9212 |
||
| 245 | 0 |
_aBal Vikas / _cAnindhitha Banarjee |
|
| 260 |
_bHindi Pamked Books, _c2010. _aDelhi: |
||
| 300 | _a211p | ||
| 650 | _aHindi | ||
| 942 |
_cBK _2ddc _h155.4 _iBAN/B _k155.4 _mBAN/B |
||